Barton (Valuation Officer) v Brown (t/a Cardbar Ltd) (Record no. 79749)

MARC details
000 -LEADER
fixed length control field 01608cad a22001935a 4500
001 - CONTROL NUMBER
control field L142220
008 - FIXED-LENGTH DATA ELEMENTS--GENERAL INFORMATION
fixed length control field 080130e20070718xxk f v 000 0 eng d
035 ## - SYSTEM CONTROL NUMBER
System control number (Sirsi) u142220
041 0# - LANGUAGE CODE
Language code of text/sound track or separate title eng
245 00 - TITLE STATEMENT
Title Barton (Valuation Officer) v Brown (t/a Cardbar Ltd)
Medium [electronic resource]
260 ## - PUBLICATION, DISTRIBUTION, ETC.
Date of publication, distribution, etc. 2007
520 ## - SUMMARY, ETC.
Summary, etc. [2007] EWLands RA_83_2006. 18 July 2007.The appellant valuation officer appealed against a valuation tribunal decision to cut the rateable value of retail premises owned by the respondent ratepayer (B) in a shopping centre. B proposed to alter the rating list because the entry was inaccurate; it had increased much more than other shops in the centre. The valuation officer defended the rateable value compared to a number of comparable settlements on shops in the centre and argued that a tone of list had been established. Not accepted by the tribunal. The Valuation officer appealed following a re-measurement of the premises, arguing the tribunal had failed to consider relevant comparable evidence establishing a tone of list. Held: appeal allowed. The tribunal had been wrong to reject the evidence of the valuation officer; a tone of list had been established and it was right to give weight to settlements agreed with occupiers and their agents.
590 ## - LOCAL NOTE (RLIN)
Local note KA
650 24 - SUBJECT ADDED ENTRY--TOPICAL TERM
Topical term or geographic name entry element BARTON (VALUATION OFFICER) V BROWN (TRADING AS CARDBAR LTD)
651 #4 - SUBJECT ADDED ENTRY--GEOGRAPHIC NAME
Geographic name England and Wales
Chronological subdivision 1543-
690 ## - LOCAL SUBJECT ADDED ENTRY--TOPICAL TERM (OCLC, RLIN)
Topical term or geographic name as entry element PROPERTY-PROPERTY APPRAISAL AND VALUATION
856 40 - ELECTRONIC LOCATION AND ACCESS
Uniform Resource Identifier <a href="https://www.bailii.org/ew/cases/EWLands/2007/RA_83_2006.html">https://www.bailii.org/ew/cases/EWLands/2007/RA_83_2006.html</a>
Public note View the judgment free of charge at www.bailii.org...
942 ## - ADDED ENTRY ELEMENTS (KOHA)
Suppress in OPAC 0
Holdings
Withdrawn status Lost status Source of classification or shelving scheme Damaged status Not for loan Home library Current library Shelving location Date acquired Total Checkouts Full call number Barcode Date last seen Copy number Price effective from Koha item type
    Dewey Decimal Classification     Virtual Virtual Online 30/01/2008   ONLINE PUBLICATION 142220-2001 06/08/2019 1 06/08/2019 Law report